MARC

LEADER 00000nam0a2200000 4500
001 310094
005 20231102002244.0
010 |a 5292001570 
035 |a (RuTPU)RU\TPU\book\335435 
035 |a RU\TPU\book\237892 
090 |a 310094 
100 |a 20151120d1981 m y0rusy50 ca 
101 0 |a rus 
102 |a RU 
105 |a a j 001zy 
200 1 |a Преобразовательные устройства в системах электроснабжения  |e учебное пособие  |f И. И. Кантер 
210 |a Саратов  |c Изд-во Саратовского ун-та  |d 1981 
215 |a 79 с.  |c ил. 
320 |a Библиогр.: 78 
606 1 |a Преобразовательная техника силовая  |2 stltpush  |3 (RuTPU)RU\TPU\subj\51391  |9 69986 
610 1 |a преобразовательные устройства 
610 1 |a электроустановки 
610 1 |a учебные пособия 
610 1 |a выпрямители 
610 1 |a инверторы 
610 1 |a преобразователи 
610 1 |a переходные процессы 
675 |a 621.314.632(075.8)  |v 3 
700 1 |a Кантер  |b И. И.  |g Исай Израйлевич 
801 1 |a RU  |b 63413507  |c 20120609 
801 2 |a RU  |b 63413507  |c 20190924  |g RCR 
942 |c BK